Z činnosti spevokolu Berkő

Bibliographic Details
Format: Article
Language:Multiple languages
Slovak
Subjects:

MARC

LEADER 00000nab a2200000 a 4500
001 vtls010611167
003 SK-MaSNL
005 20260305041053.0
008 140723c2014 xo urzp 0 0mul
038 |a RVGKPD 
040 |a RVGKPD  |b slo  |c RVGKPD  |e AACR2 
041 |a slo 
044 |a xo  |c SK 
080 |a 78.087.68  |2 2001 
080 |a 784.4  |2 2001 
245 0 0 |a Z činnosti spevokolu Berkő 
610 2 7 |a Berkő (spevácky súbor : Brzotín, Slovensko)  |2 rvgkpd  |9 189901 
651 7 |a Brzotín (Slovensko)  |2 rvgkpd  |9 31127 
651 7 |a Rožňava (Slovensko : okres)  |2 rvgkpd  |9 19215 
773 0 |t Brzotínsky hlásnik = Berzétei Üzenet  |g Roč. VIII, č. 1 (2014), s. [5] 
852 |a RVGKPD  |b KIS3G 
992 |a RBX 
999 |c 3341913  |d 3343843